000
00365nam a22001337a 4500
003
SGT
020
_a
9789384280321
082
_a
891.4309
_b
A17S
100
_a
शर्मा, मालती राय
245
_a
अभिव्यक्ति
260
_b
संवाद मीडिया प्रा. लि.
_c
2017
300
_a
120
942
_2
ddc
_c
BK
999
_c
29915
_d
29915